00631nam a2200217Ia 4500003000900000008004100009040001300050040001300063041000800076100001900084245002000103250001800123260001800141260000900159300001100168300001000179490000600189942000700195999001700202952019400219IT-RoPAU120407s9999 xx 000 0 und d aIT-RoPAU cIT-RoPAU aita aHenry Fielding aJoseph Andrews. aHarmondsworth aPenguin Books c1977 a343 p. c18 cm v1 cBK c33065d33065 00102ddc406820_00000000000000071aPAULUSbPAULUSd2012-04-11l0o820.0r2012-04-11 00:00:00w2012-04-11yBKzInserito da: Jole In data: 22 luglio 2011 fondo: Via A.Severo 56 Progr:16182